000 00340nam a2200157Ia 4500
003 OSt
005 20231123065213.0
008 170523s9999 xx 000 0 und d
020 _a978-81-317-0704-3
040 _cIIMT
100 _aSTONER- JAMES AF
245 0 _aMANAGEMENT
260 _bNEW DELHI PHI
260 _c1995
942 _2ddc
_c02
999 _c114
_d114